| 000 | 01236nam a2200313 i 4500 | ||
|---|---|---|---|
| 003 | EG-GICUC | ||
| 005 | 20260420130526.0 | ||
| 008 | 260420s1907 fr fr|||| 001 0 fre d | ||
| 040 |
_aEG-GiCUC _bfre _cEG-GiCUC _dEG-GiCUC _eRda |
||
| 041 | _afre | ||
| 082 | 0 | 4 |
_221 _a343.3 _bGA . D |
| 092 | 0 | 4 | _221 |
| 099 | _aLaw1 10 343.3 Ga . D 1 Ed - 1907 | ||
| 100 | 1 |
_a Garraud, R _eAuteur |
|
| 245 |
_aTraité Théorique Et Pratique D'instruction Criminelle Et De Procédure Pénale, _c Par R. Garraud. |
||
| 250 | _a Tome Premier. | ||
| 264 |
_a Paris : _b Librairie de la Société du Recueil J.-B. Sirey & du Journal du Palais, _c1907. |
||
| 300 |
_a686 page : _billustration ; _c 24 cm. |
||
| 336 |
_2rda contenu _a texte |
||
| 337 |
_2rda medias _aOrdinateur |
||
| 338 |
_2 transporteur rda _a Ressource en ligne |
||
| 500 | _aDe La Société Du Recueil J.-b. Sirey & Du Journal Du Palais Ancienne Maison L. Larose Et Forcel 22, Rue Soufflot, Paris, 5e Arrdt. | ||
| 650 | 1 |
_aProcédure pénale, _vDroit pénal. _2qrmak |
|
| 651 | 1 | _2qrmak | |
| 710 |
_a École Khédiviale de Droit. _bBibliothèque, _cformer owner. |
||
| 856 | 4 | 0 | _uhttps://fll.law.cu.edu.eg/fulltext/bks/B10-10792.pdf |
| 905 | _a171 | ||
| 942 |
_2ddc _cBK _e21 _n0 |
||
| 999 |
_c72152 _d72152 |
||